| 000 | 00000nam##2200000za#4500 |
| 001 | 9.606832 |
| 003 | CaOODSP |
| 005 | 20210624212824 |
| 007 | cr ||||||||||| |
| 008 | 150406|1997||||xxc|||||o f|0| 0 fre|d |
| 022 | |a1209-6784 |
| 040 | |aCaOODSP|bfre |
| 043 | |an-cn--- |
| 086 | 1 |aF1-23/1997-5F-PDF |
| 110 | 1 |aCanada. |bMinistère des finances. |
| 245 | 10|aBudget 1997 sous forme graphique |h[ressource électronique] |
| 246 | 15|aBâtir l’avenir pour les Canadiens : se préparer au XXIe siècle |
| 260 | |aOttawa - Ontario : |bFinances Canada |c1997. |
| 300 | |a74p.|bgraphiques, tableaux |
| 490 | 1 |aBudget ... sous forme graphique |x1209-6784 |
| 590 | |a14-06-Supp|b2014-03-21 |
| 775 | 08|t1997 Budget chart book |w(CaOODSP)9.579300 |
| 830 | #0|aBudget ... sous forme graphique,|x1209-6784|w(CaOODSP)9.500864 |
| 856 | 40|ahttp://publications.gc.ca|qPDF|s216 Ko|uhttps://publications.gc.ca/collections/Collection-R/Finance/Budget97/chartbkf.pdf |